• 首页
  • 本馆介绍
  • 公告通知
  • 最新文献
  • 馆藏检索
  • 电子资源
  • 读者导购
  • 参考咨询
  • 我的图书馆
  • 登录
  • 详细信息显示
  • 放入我的书架
  • 预约/预借图书
  • 作者相关作品
  • 分类相关作品
  • 丛书相关作品
  • 出版社相关作品

书目信息

  • 表格格式
  • 工作单格式
  • 卡片格式
题名:
冈村宁次回忆录
    
 
作者: 稻叶正夫 编 ;天津市政协编译委员会 译
分册:  
出版信息: 北京   中华书局  1981
页数: 471页
开本: 19cm
丛书名: 中华民国史资料丛稿
单 册:
中图分类: K265.3
科图分类:
主题词: 日本--侵华--历史--1937~1945
电子资源:
ISBN:
000 00853nam0 2200277 45
001 0181009896
005 20060813110124.18
010    @dCNY1.40
091    @a11018.1001
100    @a19950628d1981 em y0chiy0121 ea
101 1  @achi@cjpn
102    @aCN@b110000
105    @ay z 000yy
200 10 @a冈村宁次回忆录@Agang cun ning ci hui yi lu@f(日)稻叶正夫编@F(Ri)Dao YeZheng Fu Bian@g天津市政协编译委员会译
210    @a北京@c中华书局@d1981
215    @a471页@d19cm
225    @a中华民国史资料丛稿
410    @12001 @a中华民国史资料丛稿
600  0 @a冈村宁次
606    @a日本@x侵华@x历史@z1937~1945
690    @aK265.3@v3
701  0 @a稻叶正夫@4编
712 02 @a天津市政协编译委员会@ATian Jin Shi Zheng Xie Bian Yi Wei Yuan Hui@4译
801  2 @aCN@bNLC@c20060813
801  0 @aCN@b上海图书馆@c20040517
905    @dK265.3@e6@f1@b73572
    
    冈村宁次回忆录/(日)稻叶正夫编/天津市政协编译委员会译.-北京:中华书局,1981
    471页;19cm.-(中华民国史资料丛稿)
    
    
    ISBN :CNY1.40
    
●
相关链接 在E读中查询图书 在五车中查询图书 在当当中查询图书 在豆瓣中查询图书


正题名:冈村宁次回忆录     索取号:K265.3/6         预约/预借

序号 登录号 条形码 馆藏地/架位号 状态 备注
1 0073572   000355840   密集书库/ [索取号:K265.3/6] 在馆    
2 0073573   000355831   第二借阅区/ [索取号:K265.3/6] 在馆    
3 0073574   000355859   第二样本阅览室/ [索取号:K265.3/6] 在馆    
4 0456322   204563221   密集书库/ [索取号:K265.3/6] 在馆    
5 0456323   204563230   密集书库/ [索取号:K265.3/6] 在馆    
唐山师范学院图书馆 欢迎您!
大连网信软件有限公司© 版权所有